Estatísticas para Distritos da cidade de São Paulo

Clique aqui para jogar o quiz

Estatísticas Gerais

  • Esse quiz foi jogado 165 vezes
  • A pontuação média é 56 de 96

Estatísticas das Respostas

Distrito% Correto
90%
Barra Funda
89%
Vila Maria
89%
Brás
85%
Itaquera
85%
Morumbi
85%
Pinheiros
84%
Vila Mariana
84%
Santana
82%
Jabaquara
80%
Tatuapé
80%
Tucuruvi
80%
Butantã
79%
Itaim Bibi
77%
Mooca
77%
Bela Vista
75%
Capão Redondo
75%
Jardim Paulista
75%
Lapa
75%
Liberdade
75%
Moema
75%
Aricanduva
74%
Santo Amaro
72%
Vila Matilde
72%
Carrão
70%
Grajaú
70%
Ipiranga
70%
Itaim Paulista
70%
Perdizes
70%
Pirituba
70%
Consolação
69%
Freguesia do Ó
67%
Guaianases
67%
Penha
67%
Santa Cecília
67%
Saúde
67%
Casa Verde
66%
Jaguaré
66%
República
66%
Belém
64%
Cidade Tiradentes
64%
Parelheiros
64%
Vila Prudente
64%
Vila Guilherme
62%
Campo Limpo
61%
Jaraguá
61%
Perus
59%
São Mateus
59%
Alto de Pinheiros
57%
Cambuci
57%
Cidade Ademar
57%
Sacomã
57%
Água Rasa
56%
Jardim Ângela
56%
São Miguel Paulista
56%
Bom Retiro
54%
Pari
54%
Sapopemba
54%
Brasilândia
52%
Campo Belo
52%
Jaçanã
52%
Limão
52%
Marsilac
52%
Tremembé
52%
Vila Sônia
52%
Cidade Dutra
49%
Vila Formosa
49%
Artur Alvim
48%
Vila Leopoldina
48%
Cidade Líder
46%
Jaguara
46%
Anhangüera
43%
Campo Grande
43%
Jardim São Luis
43%
São Lucas
43%
Socorro
43%
Cachoeirinha
41%
Cangaíba
39%
Iguatemi
39%
Mandaqui
39%
Cursino
38%
Vila Andrade
36%
Jardim Helena
34%
Raposo Tavares
34%
Vila Medeiros
34%
Vila Curuçá
33%
José Bonifácio
31%
Lajeado
31%
Pedreira
31%
São Rafael
31%
Ponte Rasa
30%
São Domingos
30%
Parque do Carmo
28%
Vila Jacuí
26%
Ernelino Matarazzo
25%
Rio Pequena
21%

Distribuição das Pontuações

Percentil de Números Respondidos

Porcentagem de Pessoas com Cada Pontuação

Sua Pontuação Histórica

Você não jogou esse quiz